Home Print Resources E-Books E-Journals IIMT Lecture Series Library Membership Form Book Recommendation Form Campus Tour Take AdmissionAbout Us Contact Us

HUMAN VALUES AND PROFESSIONAL ETHICS (Record no. 55945)

000 -LEADER
fixed length control field 00399nam a22001577a 4500
003 - CONTROL NUMBER IDENTIFIER
control field OSt
005 - DATE AND TIME OF LATEST TRANSACTION
control field 20231229085455.0
008 - FIXED-LENGTH DATA ELEMENTS--GENERAL INFORMATION
fixed length control field 221104b xxu||||| |||| 00| 0 eng d
020 ## - INTERNATIONAL STANDARD BOOK NUMBER
International Standard Book Number 9789380027869
040 ## - CATALOGING SOURCE
Transcribing agency IIMT UNIVERSITY
100 ## - MAIN ENTRY--PERSONAL NAME
Personal name SRIVASTAVA, SMRITI
245 ## - TITLE STATEMENT
Title HUMAN VALUES AND PROFESSIONAL ETHICS
260 ## - PUBLICATION, DISTRIBUTION, ETC.
Place of publication, distribution, etc. NEW DELHI
Name of publisher, distributor, etc. S.K.KATARIA & SONS
Date of publication, distribution, etc. 2022
300 ## - PHYSICAL DESCRIPTION
Extent 277
942 ## - ADDED ENTRY ELEMENTS (KOHA)
Source of classification or shelving scheme
Koha item type Text-Book- for 7 days
Holdings
Withdrawn status Lost status Source of classification or shelving scheme Damaged status Not for loan Home library Current library Date acquired Source of acquisition Cost, normal purchase price Inventory number Full call number Barcode Date last seen Uniform Resource Identifier Price effective from Koha item type Total Checkouts Date last checked out
          IIMT University Central Library Meerut IIMT University Central Library Meerut 11/04/2022 ARISTA PUB. 295.00 HO/IN/100 174 SRI 01-B-137363 11/04/2022 human value 11/04/2022 Book Bank    
          IIMT University Central Library Meerut IIMT University Central Library Meerut 11/04/2022 ARISTA PUB. 295.00 HO/IN/100 174 SRI 01-B-137364 11/04/2022 human value 11/04/2022 Book Bank    
          IIMT University Central Library Meerut IIMT University Central Library Meerut 11/04/2022 ARISTA PUB. 295.00 HO/IN/100 174 SRI 01-B-137365 03/30/2024 human value 11/04/2022 Book Bank 1 03/14/2024
          IIMT University Central Library Meerut IIMT University Central Library Meerut 11/04/2022 ARISTA PUB. 295.00 HO/IN/100 174 SRI 01-B-137366 11/04/2022 human value 11/04/2022 Book Bank    
          IIMT University Central Library Meerut IIMT University Central Library Meerut 11/04/2022 ARISTA PUB. 295.00 HO/IN/100 174 SRI 01-B-137367 11/04/2022 human value 11/04/2022 Book Bank    
IIMT, Central Library. All Rights Reserved IIMT,UNIVERSITY © 2023
Implemented and Customised by I CLOUDE EMS
You Are OPAC Visitor No
free web counter

Powered by Koha